[Event "GER-ch Net blitz qual3"]
[Site "Playchess.com INT"]
[Date "2020.03.21"]
[Round "7"]
[White "Jekel, Wolfgang"]
[Black "Kemper, Jannick"]
[Result "1-0"]
[WhiteElo "1667"]
[BlackElo "1588"]
[PlyCount "63"]
[EventDate "2020.03.21"]
[EventType "swiss (blitz)"]
[EventRounds "9"]
[EventCountry "GER"]
[SourceTitle "CBM 195 Extra"]
[Source "ChessBase"]
[SourceDate "2020.05.31"]
[SourceVersion "1"]
[SourceVersionDate "2020.05.31"]
[SourceQuality "1"]

1. f4 c5 2. Nf3 Nc6 3. e4 d5 4. exd5 Qxd5 5. Nc3 Qd8 6. Bc4 Nf6 7. 0-0 Bg4 8. a4 e6 9. d3 a6 10. h3 Bxf3 11. Qxf3 Be7 12. f5 0-0 13. fxe6 fxe6 14. Bxe6+ Kh8 15. Qd1 Nd4 16. Bc4 Rb8 17. Bg5 b5 18. axb5 axb5 19. Ba2 b4 20. Bxf6 Bxf6 21. Ne4 Be5 22. Rxf8+ Qxf8 23. Ng5 Qf4 24. Nf7+ Kg8 25. Nxe5+ Kf8 26. Nd7+ Ke7 27. Nxb8 Qxb8 28. Qh5 Qg3 29. Qf7+ Kd6 30. Qd5+ Kc7 31. Qxc5+ Nc6 32. Bd5 1-0

[Event "London Classic op 11th"]
[Site "London"]
[Date "2019.12.06"]
[Round "9"]
[White "Jekel, Wolfgang"]
[Black "Tombolis, Christopher"]
[Result "0-1"]
[WhiteElo "1662"]
[BlackElo "1824"]
[PlyCount "104"]
[EventDate "2019.11.29"]
[EventType "swiss"]
[EventRounds "9"]
[EventCountry "ENG"]
[SourceTitle "CBM 193 Extra"]
[Source "ChessBase"]
[SourceDate "2020.01.31"]
[SourceVersion "1"]
[SourceVersionDate "2020.01.31"]
[SourceQuality "1"]

1. f4 d5 2. Nf3 Nc6 3. d3 Bg4 4. e3 e5 5. fxe5 Nxe5 6. Be2 Bxf3 7. Bxf3 Qh4+ 8. g3 Qh3 9. Qe2 Nxf3+ 10. Qxf3 Nf6 11. Nc3 0-0-0 12. Bd2 Bd6 13. 0-0-0 c6 14. Ne2 h5 15. Bc3 Qe6 16. Bxf6 gxf6 17. Rdf1 Kb8 18. Nd4 Qe5 19. Nf5 a5 20. Re1 a4 21. a3 b5 22. d4 Qe6 23. e4 Bf8 24. Rhf1 dxe4 25. Qxe4 Qxe4 26. Rxe4 Kc7 27. c3 Rd7 28. Kc2 Rg8 29. Re8 Rd8 30. Rxd8 Kxd8 31. Kd3 Kd7 32. Rf4 Rg6 33. Ke4 Ke6 34. Nh4 Rg5 35. Nf5 Rg8 36. Rf3 Rg6 37. Nh4 Rg4+ 38. Rf4 Bh6 39. Rxg4 hxg4 40. Ng2 f5+ 41. Kd3 Kd5 42. Nh4 f4 43. Nf5 fxg3 44. hxg3 Bg5 45. Ng7 f6 46. Nh5 f5 47. Ng7 f4 48. gxf4 g3 49. Nf5 Bxf4 50. Nh4 Bc1 51. Kc2 Bg5 52. Ng2 Ke4 0-1

[Event "London Classic op 11th"]
[Site "London"]
[Date "2019.11.30"]
[Round "2"]
[White "Jekel, Wolfgang"]
[Black "Burke, John S"]
[Result "0-1"]
[WhiteElo "1662"]
[BlackElo "1966"]
[PlyCount "50"]
[EventDate "2019.11.29"]
[EventType "swiss"]
[EventRounds "9"]
[EventCountry "ENG"]
[SourceTitle "CBM 193 Extra"]
[Source "ChessBase"]
[SourceDate "2020.01.31"]
[SourceVersion "1"]
[SourceVersionDate "2020.01.31"]
[SourceQuality "1"]

1. f4 d5 2. Nf3 Nf6 3. g3 c5 4. Bg2 Nc6 5. 0-0 e6 6. d3 Be7 7. c3 0-0 8. Na3 b6 9. Ne5 Nxe5 10. fxe5 Nd7 11. d4 Ba6 12. Rf2 f6 13. e4 fxe5 14. Rxf8+ Nxf8 15. exd5 exd5 16. dxe5 Bb7 17. Qg4 Qd7 18. Qh5 Ne6 19. Bf4 d4 20. Bxb7 Qxb7 21. Qg4 Nxf4 22. gxf4 dxc3 23. Qe6+ Kh8 24. Rd1 c4 25. Qxc4 Qf3 0-1

[Event "London Classic op 10th"]
[Site "London"]
[Date "2018.12.14"]
[Round "6"]
[White "Jekel, Wolfgang"]
[Black "Tombolis, Christopher"]
[Result "0-1"]
[WhiteElo "1723"]
[BlackElo "1898"]
[PlyCount "150"]
[EventDate "2018.12.09"]
[EventType "swiss"]
[EventRounds "9"]
[EventCountry "ENG"]
[SourceTitle "CBM 187 Extra"]
[Source "ChessBase"]
[SourceDate "2018.11.04"]
[SourceVersion "1"]
[SourceVersionDate "2018.11.04"]
[SourceQuality "1"]

1. f4 e5 2. fxe5 d6 3. Nf3 dxe5 4. e4 Bg4 5. Bc4 Nd7 6. d3 Ngf6 7. Be3 c6 8. Nbd2 b5 9. Bb3 Qc7 10. 0-0 Bc5 11. Qe2 Qb6 12. Bxc5 Qxc5+ 13. Kh1 0-0 14. h3 Nh5 15. Kh2 Nf4 16. Qe1 Bxf3 17. Rxf3 a5 18. a4 bxa4 19. Bxa4 Nb6 20. Bb3 a4 21. Bc4 Qb4 22. Rb1 Nxc4 23. Nxc4 Qxe1 24. Rxe1 f6 25. Ra1 Rfb8 26. Ra3 Ne6 27. Rf2 Nd4 28. Kg1 Nb5 29. Ra1 c5 30. Kf1 Ra6 31. Ke1 Rba8 32. Kd2 Nd4 33. Rff1 Rb8 34. Ra2 Ne6 35. Ke3 Nd4 36. Rc1 Kf7 37. Kd2 Ne6 38. Rf1 Ke8 39. g3 Rba8 40. Rfa1 Ng5 41. Rh1 Nf3+ 42. Ke3 Nd4 43. Kd2 Kd7 44. Rha1 Kc6 45. b3 Nf3+ 46. Ke3 Nd4 47. bxa4 Rb8 48. c3 Ne6 49. Rb2 Rxb2 50. Nxb2 Nd8 51. Nc4 Nb7 52. d4 cxd4+ 53. cxd4 exd4+ 54. Kxd4 Nc5 55. Rb1 Nxa4 56. e5 Nc5 57. exf6 gxf6 58. Rb8 Ne6+ 59. Kd3 Nc5+ 60. Ke3 Kd5 61. Nd2 Ke6 62. Re8+ Kf7 63. Rc8 Ra3+ 64. Kf4 Ne6+ 65. Kg4 Ra4+ 66. Kh5 Ra5+ 67. Kh4 Ng5 68. Rc3 Kg6 69. Nf3 Ne4 70. Rc2 Ra4 71. g4 Ra3 72. Re2 Ng5 73. Ng1 Ra1 74. Rg2 Rxg1 75. Ra2 Nf3# 0-1

[Event "London Classic op 10th"]
[Site "London"]
[Date "2018.12.10"]
[Round "2"]
[White "Jekel, Wolfgang"]
[Black "Mueller, Jens"]
[Result "1/2-1/2"]
[WhiteElo "1723"]
[BlackElo "1961"]
[PlyCount "47"]
[EventDate "2018.12.09"]
[EventType "swiss"]
[EventRounds "9"]
[EventCountry "ENG"]
[SourceTitle "CBM 187 Extra"]
[Source "ChessBase"]
[SourceDate "2018.11.04"]
[SourceVersion "1"]
[SourceVersionDate "2018.11.04"]
[SourceQuality "1"]

1. f4 g6 2. Nf3 Bg7 3. g3 c5 4. Bg2 Nc6 5. d3 d5 6. c3 Nf6 7. 0-0 0-0 8. Na3 e6 9. Nh4 Qb6 10. Kh1 Rd8 11. Qe1 Na5 12. e4 dxe4 13. dxe4 Bd7 14. Nf3 Bb5 15. Nxb5 Qxb5 16. Ne5 Nd7 17. Nxd7 Rxd7 18. Rb1 Rad8 19. Be3 Nc4 20. e5 Bf8 21. Be4 Nd2 22. Bxd2 Rxd2 23. Rf2 Rxf2 24. Qxf2 1/2-1/2

[Event "London Classic op"]
[Site "London"]
[Date "2017.12.08"]
[Round "8"]
[White "Ongut, Tamas Gunes"]
[Black "Jekel, Wolfgang"]
[Result "1-0"]
[WhiteElo "2119"]
[BlackElo "1787"]
[PlyCount "47"]
[EventDate "2017.12.02"]
[EventType "swiss"]
[EventRounds "9"]
[EventCountry "ENG"]
[SourceTitle "CBM 182 Extra"]
[Source "ChessBase"]
[SourceDate "2018.02.23"]
[SourceVersion "1"]
[SourceVersionDate "2018.02.23"]
[SourceQuality "1"]

1. e4 d5 2. exd5 Qxd5 3. Nc3 Qd6 4. d4 Nf6 5. Nf3 c6 6. Ne5 Nbd7 7. f4 g6 8. Bc4 Nd5 9. Ne4 Qc7 10. Qf3 Bg7 11. Be3 0-0 12. 0-0-0 b5 13. Be2 a5 14. g4 b4 15. h4 a4 16. h5 Nxe5 17. dxe5 Nxe3 18. Qxe3 Be6 19. hxg6 hxg6 20. Ng5 Bxa2 21. Rh7 Rfd8 22. Rdh1 e6 23. Qh3 Kf8 24. Rxg7 1-0

[Event "London Golders Green op U1900 5th"]
[Site "London"]
[Date "2015.01.18"]
[Round "5"]
[White "Eranki, SA Maruthi"]
[Black "Jekel, Wolfgang"]
[Result "0-1"]
[WhiteElo "1608"]
[BlackElo "1831"]
[PlyCount "169"]
[EventDate "2015.01.17"]
[EventType "swiss"]
[EventRounds "5"]
[EventCountry "ENG"]
[SourceTitle "EXT 2018"]
[Source "ChessBase"]
[SourceDate "2017.10.13"]
[SourceVersion "1"]
[SourceVersionDate "2017.10.13"]
[SourceQuality "1"]

1. e4 d5 2. exd5 Qxd5 3. Nc3 Qd6 4. Nf3 c6 5. Bc4 Nf6 6. d3 Bg4 7. h3 Bh5 8. Be3 Nbd7 9. Qe2 Nb6 10. Bb3 e6 11. 0-0-0 Be7 12. g4 Bg6 13. Nd2 Nbd5 14. Nce4 Qc7 15. f3 Nxe3 16. Qxe3 Nd5 17. Qf2 Nf4 18. Nc4 Rd8 19. h4 0-0 20. h5 Bxe4 21. fxe4 Bg5 22. Kb1 h6 23. Ne3 a5 24. a3 Qb6 25. Qf3 Qc7 26. Ng2 Nxg2 27. Qxg2 Qe5 28. c3 b5 29. d4 Qc7 30. Rhf1 b4 31. Rf3 bxa3 32. bxa3 Qd6 33. Ka2 Be7 34. Qb2 Rb8 35. Qc1 Rb7 36. c4 Rfb8 37. c5 Qc7 38. Rdf1 Bg5 39. Qc2 Qd8 40. Rd1 Bf6 41. e5 Bg5 42. Bc4 Be7 43. Ka1 Rd7 44. Rxf7 Bf8 45. Rxd7 Qxd7 46. Qe4 Bxc5 47. Rd3 Ba7 48. Rb3 Rxb3 49. Bxb3 Qxd4+ 50. Qxd4 Bxd4+ 51. Ka2 Kf7 52. Bc2 Bxe5 53. Kb3 Ke7 54. Kc4 Kd6 55. a4 Bf4 56. Be4 Be3 57. Kd3 Bc5 58. Kc4 Bb4 59. Bg6 Ke5 60. Kd3 Kf4 61. Be8 Kxg4 62. Bxc6 Kxh5 63. Ke4 Bc3 64. Bd7 e5 65. Bf5 Kg5 66. Bh3 g6 67. Kf3 h5 68. Be6 Kf6 69. Bc4 g5 70. Be2 g4+ 71. Kg3 Kg5 72. Kg2 h4 73. Bd3 Kf4 74. Ba6 Be1 75. Bc4 e4 76. Be2 Bb4 77. Bb5 Bc5 78. Bc4 Kg5 79. Be2 h3+ 80. Kh2 Bd6+ 81. Kh1 g3 82. Kg1 Bc5+ 83. Kh1 g2+ 84. Kh2 g1Q+ 85. Kxh3 0-1

[Event "Hampstead op U2200 10"]
[Site "Hampstead"]
[Date "2013.10.27"]
[Round "5"]
[White "Falasca, Valerio"]
[Black "Jekel, Wolfgang"]
[Result "0-1"]
[WhiteElo "1744"]
[BlackElo "1822"]
[PlyCount "140"]
[EventDate "2013.10.26"]
[EventType "swiss"]
[EventRounds "5"]
[EventCountry "ENG"]
[SourceTitle "EXT 2015"]
[Source "ChessBase"]
[SourceDate "2014.11.20"]
[SourceVersion "1"]
[SourceVersionDate "2014.11.20"]
[SourceQuality "1"]

1. Nf3 Nf6 2. g3 g6 3. Bg2 c5 4. 0-0 Bg7 5. d3 0-0 6. Nbd2 Nc6 7. e4 d6 8. c3 Rb8 9. a4 Bd7 10. Nc4 Be6 11. Ne3 Bd7 12. Bd2 a6 13. Qc2 b5 14. axb5 axb5 15. Ra6 Ra8 16. Rfa1 Rxa6 17. Rxa6 Qc8 18. Ra1 Qb7 19. e5 Ng4 20. exd6 Nxe3 21. Bxe3 exd6 22. Bf4 Qc7 23. Rb1 Ne5 24. Qd2 Nxf3+ 25. Bxf3 Bc6 26. Bxc6 Qxc6 27. b4 Re8 28. bxc5 dxc5 29. Re1 Ra8 30. Rb1 Qd5 31. Be3 Ra2 32. Qe1 Qxd3 33. Rd1 Bxc3 34. Rxd3 Bxe1 35. Bxc5 Ra8 36. Kf1 Rc8 37. Kxe1 Rxc5 38. Rb3 Kg7 39. Kd2 Kf6 40. Rb4 Ke6 41. Kd3 Rd5+ 42. Kc3 Kd6 43. Rf4 f5 44. h4 h6 45. Rb4 Kc5 46. Rf4 Re5 47. Rb4 Re2 48. Rf4 Re1 49. Kd2 Re4 50. Rf3 b4 51. h5 Rd4+ 52. Kc2 gxh5 53. Rxf5+ Kc4 54. Rf3 h4 55. gxh4 Rxh4 56. Kb2 Re4 57. Kc2 h5 58. Rf8 h4 59. Rc8+ Kd4 60. Rd8+ Ke5 61. Rh8 Kf5 62. f3 Rd4 63. Rh5+ Kg6 64. Rh8 Kg5 65. Rh7 Rf4 66. Rg7+ Kh6 67. Rb7 h3 68. Rb8 Rh4 69. f4 Kh5 70. Rxb4 h2 0-1

[Event "Hampstead op U2200 09"]
[Site "Hampstead"]
[Date "2013.09.28"]
[Round "3"]
[White "Cavendish, Joshua"]
[Black "Jekel, Wolfgang"]
[Result "1-0"]
[WhiteElo "1683"]
[BlackElo "1822"]
[PlyCount "145"]
[EventDate "2013.09.28"]
[EventType "swiss"]
[EventRounds "5"]
[EventCountry "ENG"]
[SourceTitle "EXT 2015"]
[Source "ChessBase"]
[SourceDate "2014.11.20"]
[SourceVersion "1"]
[SourceVersionDate "2014.11.20"]
[SourceQuality "1"]

1. f4 g6 2. Nc3 Bg7 3. e4 d6 4. Bc4 e6 5. Nf3 Ne7 6. d3 Nd7 7. 0-0 b6 8. Qe1 Bb7 9. Ng5 0-0 10. Rf3 d5 11. Bb3 h6 12. Nh3 Nc5 13. Nf2 Nxb3 14. axb3 c5 15. Rh3 d4 16. Nb1 f5 17. Nd2 g5 18. fxg5 hxg5 19. Nc4 f4 20. Qe2 b5 21. Nd2 Ng6 22. Qh5 Nh4 23. Nf3 Nxf3+ 24. gxf3 e5 25. Ng4 Bc8 26. Qh7+ Kf7 27. Nxe5+ Kf6 28. Qg6+ Kxe5 29. Qxg7+ Qf6 30. Qc7+ Qd6 31. Qg7+ Qf6 32. Qc7+ Qd6 33. Qxd6+ Kxd6 34. Rh5 Rg8 35. Kf2 a6 36. h4 Ke5 37. hxg5 Rg6 38. Rh4 Ra7 39. Bxf4+ Ke6 40. Rh6 Rag7 41. Rah1 Kf7 42. Rxg6 Rxg6 43. Rh6 Rg8 44. Rf6+ Ke7 45. Rc6 Bd7 46. Rxc5 Rh8 47. g6 Rg8 48. Re5+ Kf6 49. Rg5 Be8 50. g7 Bg6 51. Rc5 Kxg7 52. Be5+ Kf7 53. Bxd4 Ke7 54. Rc7+ Kd6 55. Rg7 Rxg7 56. Bxg7 Ke6 57. Ke3 Bh5 58. Bc3 Kd6 59. e5+ Ke6 60. d4 Kd5 61. Be1 Bg6 62. c3 Bc2 63. f4 Bf5 64. Bh4 Ke6 65. c4 Bc2 66. d5+ Kf5 67. e6 Bd1 68. Bd8 Bh5 69. Bc7 Be8 70. Kd4 bxc4 71. bxc4 Kf6 72. Be5+ Ke7 73. f5 1-0

[Event "Hampstead op U2200 09"]
[Site "Hampstead"]
[Date "2013.09.28"]
[Round "1"]
[White "Jefferies, Tyrone R"]
[Black "Jekel, Wolfgang"]
[Result "0-1"]
[WhiteElo "1594"]
[BlackElo "1822"]
[PlyCount "114"]
[EventDate "2013.09.28"]
[EventType "swiss"]
[EventRounds "5"]
[EventCountry "ENG"]
[SourceTitle "EXT 2015"]
[Source "ChessBase"]
[SourceDate "2014.11.20"]
[SourceVersion "1"]
[SourceVersionDate "2014.11.20"]
[SourceQuality "1"]

1. e4 d5 2. exd5 Qxd5 3. Nc3 Qd6 4. Nf3 c6 5. h3 Nf6 6. d4 Bf5 7. Bd3 Bxd3 8. Qxd3 e6 9. 0-0 Be7 10. Bg5 Nbd7 11. Rfe1 0-0 12. Rad1 Rad8 13. Ne5 Nxe5 14. dxe5 Qxd3 15. Rxd3 Rxd3 16. cxd3 Nd5 17. Bxe7 Nxe7 18. Ne4 Nc8 19. Rd1 Rd8 20. f4 Kf8 21. Kf2 Ke7 22. g4 f6 23. exf6+ gxf6 24. a3 Nd6 25. Nc3 c5 26. Kf3 b6 27. Re1 Kf7 28. h4 h6 29. Re2 h5 30. Kg3 Rg8 31. g5 Nf5+ 32. Kh3 Rd8 33. g6+ Kxg6 34. Rxe6 Rxd3+ 35. Kh2 Rd2+ 36. Kh3 Rxb2 37. Nd5 Rb3+ 38. Kh2 Nxh4 39. Rxf6+ Kg7 40. Rc6 Rxa3 41. Nf6 Nf3+ 42. Kg2 h4 43. Nh5+ Kf7 44. Rf6+ Ke7 45. f5 Nd4 46. Rh6 Nxf5 47. Rh7+ Kd6 48. Nf4 c4 49. Rh5 Ne3+ 50. Kg1 c3 51. Rxh4 c2 52. Rh6+ Kc7 53. Ne6+ Kb7 54. Rh7+ Ka6 55. Nc7+ Ka5 56. Rh5+ Ka4 57. Rh4+ Kb3 0-1

[Event "London op Congress August U1900"]
[Site "London"]
[Date "2013.08.26"]
[Round "6"]
[White "Jekel, Wolfgang"]
[Black "Huang, Dion"]
[Result "0-1"]
[WhiteElo "1858"]
[BlackElo "1709"]
[PlyCount "64"]
[EventDate "2013.08.24"]
[EventType "swiss"]
[EventRounds "6"]
[EventCountry "ENG"]
[SourceTitle "EXT 2023"]
[Source "ChessBase"]
[SourceDate "2022.10.05"]
[SourceVersion "1"]
[SourceVersionDate "2022.10.05"]
[SourceQuality "1"]

1. d4 Nf6 2. Bg5 e6 3. Nd2 Be7 4. e3 h6 5. Bh4 b6 6. Ngf3 Bb7 7. Bd3 d6 8. 0-0 Nbd7 9. Qe2 0-0 10. e4 c5 11. c3 Rc8 12. h3 Re8 13. Nh2 Qc7 14. f4 Nxe4 15. Nxe4 Bxh4 16. Qh5 Bxe4 17. Bxe4 Nf6 18. Qxh4 Nxe4 19. f5 exf5 20. Rxf5 cxd4 21. cxd4 Qc4 22. Nf3 Qc2 23. Rb5 Qe2 24. Rb3 Rc2 25. Ne1 Rxb2 26. Rf3 Ng5 27. Rf1 Re4 28. Qg3 Qe3+ 29. Qxe3 Rxe3 30. h4 Ne4 31. Rc1 Ng3 32. Rf2 Ne2+ 0-1

[Event "London op Congress August U1900"]
[Site "London"]
[Date "2013.08.25"]
[Round "3"]
[White "Haddock, Paul"]
[Black "Jekel, Wolfgang"]
[Result "0-1"]
[WhiteElo "1684"]
[BlackElo "1858"]
[PlyCount "60"]
[EventDate "2013.08.24"]
[EventType "swiss"]
[EventRounds "6"]
[EventCountry "ENG"]
[SourceTitle "EXT 2023"]
[Source "ChessBase"]
[SourceDate "2022.10.05"]
[SourceVersion "1"]
[SourceVersionDate "2022.10.05"]
[SourceQuality "1"]

1. e4 Nf6 2. Nc3 e6 3. e5 Nd5 4. Nxd5 exd5 5. d4 d6 6. Nf3 Bg4 7. h3 Bh5 8. Bd3 c5 9. c3 Nc6 10. Bb5 cxd4 11. Bxc6+ bxc6 12. cxd4 dxe5 13. g4 Bg6 14. Nxe5 Be4 15. f3 Bb4+ 16. Bd2 Qh4+ 17. Kf1 Bxd2 18. Qxd2 f6 19. fxe4 fxe5 20. dxe5 0-0+ 21. Kg2 dxe4 22. Raf1 Rfd8 23. Qf2 Qe7 24. Qf4 Rd5 25. Qxe4 Rxe5 26. Qxc6 Re2+ 27. Rf2 Rxf2+ 28. Kxf2 Rf8+ 29. Kg2 Qe2+ 30. Kg3 Qf2# 0-1

[Event "CP-2009-S-00002"]
[Site "LSS email"]
[Date "2012.05.08"]
[Round "?"]
[White "Degro, Heiko"]
[Black "Jekel, Wolfgang"]
[Result "1/2-1/2"]
[WhiteElo "2159"]
[BlackElo "2238"]
[PlyCount "66"]
[EventDate "2012.05.11"]
[EventType "tourn (corr)"]
[EventRounds "6"]
[EventCountry "GER"]
[SourceTitle "Telechess CBM 161"]
[Source "ChessBase"]
[SourceDate "2014.07.16"]
[SourceVersion "1"]
[SourceVersionDate "2014.07.16"]
[SourceQuality "1"]

1. e4 c5 2. c3 Nf6 3. e5 Nd5 4. Nf3 Nc6 5. d4 cxd4 6. Bc4 Nb6 7. Bb3 d5 8. exd6 Qxd6 9. 0-0 Be6 10. Bxe6 Qxe6 11. cxd4 Qf5 12. a4 g6 13. Nc3 Bg7 14. a5 Nxa5 15. Nh4 Qf6 16. Nf3 Nc6 17. d5 Nd4 18. Nxd4 Qxd4 19. Qxd4 Bxd4 20. Nb5 Be5 21. Re1 f6 22. f4 Bb8 23. d6 0-0 24. dxe7 Re8 25. g3 Kf7 26. Be3 Rxe7 27. Bc5 Rxe1+ 28. Rxe1 Nc8 29. Rd1 Ke8 30. Nc3 Bc7 31. Nb5 Bb8 32. Nc3 Bc7 33. Nb5 Bb8 1/2-1/2

[Event "CP-2009-S-00002"]
[Site "LSS email"]
[Date "2012.05.08"]
[Round "?"]
[White "Jekel, Wolfgang"]
[Black "Figlio, Gino Franco"]
[Result "1/2-1/2"]
[WhiteElo "2238"]
[BlackElo "2191"]
[PlyCount "61"]
[EventDate "2012.05.11"]
[EventType "tourn (corr)"]
[EventRounds "6"]
[EventCountry "GER"]
[SourceTitle "Telechess CBM 161"]
[Source "ChessBase"]
[SourceDate "2014.07.16"]
[SourceVersion "1"]
[SourceVersionDate "2014.07.16"]
[SourceQuality "1"]

1. e4 c5 2. Nf3 Nc6 3. d4 cxd4 4. Nxd4 Nf6 5. Nc3 e5 6. Ndb5 d6 7. Bg5 a6 8. Na3 b5 9. Bxf6 gxf6 10. Nd5 f5 11. Bd3 Be6 12. 0-0 Bxd5 13. exd5 Ne7 14. Nxb5 Bg7 15. Nc3 e4 16. Bc4 0-0 17. Qd2 Ng6 18. Kh1 Qh4 19. g3 Qh3 20. Rg1 Ne5 21. Be2 Bh6 22. Qd1 Kh8 23. Bf1 Qg4 24. Qxg4 Nxg4 25. Nd1 Rfc8 26. c4 a5 27. b3 a4 28. Rb1 axb3 29. axb3 Ra2 30. Bh3 Bd2 31. Bxg4 1/2-1/2

[Event "CP-2009-S-00002"]
[Site "LSS email"]
[Date "2012.05.08"]
[Round "?"]
[White "Orlov, Vladimir Borisovich"]
[Black "Jekel, Wolfgang"]
[Result "1/2-1/2"]
[WhiteElo "2084"]
[BlackElo "2238"]
[PlyCount "55"]
[EventDate "2012.05.11"]
[EventType "tourn (corr)"]
[EventRounds "6"]
[EventCountry "GER"]
[SourceTitle "Telechess CBM 161"]
[Source "ChessBase"]
[SourceDate "2014.07.16"]
[SourceVersion "1"]
[SourceVersionDate "2014.07.16"]
[SourceQuality "1"]

1. e4 c5 2. Nf3 d6 3. d4 cxd4 4. Nxd4 Nf6 5. Nc3 a6 6. Bg5 e6 7. f4 b5 8. e5 dxe5 9. fxe5 Qc7 10. exf6 Qe5+ 11. Be2 Qxg5 12. 0-0 Ra7 13. Qd3 Rd7 14. Ne4 Qe5 15. c3 Bb7 16. fxg7 Bxg7 17. Bf3 Nc6 18. Nxc6 Bxc6 19. Qe2 0-0 20. Rae1 Bxe4 21. Bxe4 Qc5+ 22. Kh1 Rfd8 23. Qf3 b4 24. cxb4 Qxb4 25. Bc6 Rc7 26. b3 Qh4 27. Be4 Kh8 28. Re3 1/2-1/2

[Event "CP-2008-S-00003"]
[Site "LSS email"]
[Date "2011.05.07"]
[Round "?"]
[White "Roques, Pascal"]
[Black "Jekel, Wolfgang"]
[Result "1/2-1/2"]
[WhiteElo "2198"]
[BlackElo "2244"]
[PlyCount "45"]
[EventDate "2011.05.14"]
[EventType "tourn (corr)"]
[EventRounds "6"]
[EventCountry "GER"]
[SourceTitle "Telechess CBM 155"]
[Source "ChessBase"]
[SourceDate "2013.07.16"]
[SourceVersion "1"]
[SourceVersionDate "2013.07.16"]
[SourceQuality "1"]

1. e4 c5 2. Nf3 d6 3. d4 cxd4 4. Nxd4 Nf6 5. Nc3 a6 6. Be3 e5 7. Nf3 Be7 8. Bc4 0-0 9. 0-0 Be6 10. Bb3 Nc6 11. Qe2 Na5 12. Rfd1 Qc7 13. Bg5 Rac8 14. Bxf6 Bxf6 15. Rac1 Qc5 16. Nd5 Bd8 17. Ne3 Nxb3 18. axb3 Bb6 19. c4 Qc7 20. Nd5 Bxd5 21. Rxd5 Bc5 22. h3 a5 23. Ra1 1/2-1/2

[Event "CP-2009-Q-00013"]
[Site "LSS email"]
[Date "2011.02.03"]
[Round "?"]
[White "Welle, Bernd"]
[Black "Jekel, Wolfgang"]
[Result "1/2-1/2"]
[WhiteElo "2242"]
[BlackElo "2245"]
[PlyCount "74"]
[EventDate "2011.02.05"]
[EventType "tourn (corr)"]
[EventRounds "6"]
[EventCountry "GER"]
[SourceTitle "Telechess CBM 155"]
[Source "ChessBase"]
[SourceDate "2013.07.16"]
[SourceVersion "1"]
[SourceVersionDate "2013.07.16"]
[SourceQuality "1"]

1. e4 c5 2. Nf3 d6 3. d4 cxd4 4. Nxd4 Nf6 5. Nc3 a6 6. Be3 e5 7. Nb3 Be7 8. f3 Be6 9. Qd2 0-0 10. 0-0-0 a5 11. a4 Na6 12. g4 Qc8 13. g5 Nh5 14. Kb1 Nb4 15. Rg1 Kh8 16. Bb5 f5 17. g6 hxg6 18. Rxg6 Bf7 19. Rgg1 f4 20. Bb6 Qe6 21. Bxa5 Nxc2 22. Qxc2 Qxb3 23. Bc7 Qe6 24. Nd5 Rac8 25. b3 Bd8 26. Bc4 Bxc7 27. Nxc7 Rxc7 28. Bxe6 Rxc2 29. Kxc2 Bxe6 30. Rxd6 Re8 31. b4 Nf6 32. a5 Bf7 33. Kd2 Bh5 34. Rd3 Kg8 35. Rc1 Nh7 36. h4 Nf8 37. Rc7 Rb8 1/2-1/2

[Event "CP-2008-Q-00004"]
[Site "LSS email"]
[Date "2010.01.10"]
[Round "?"]
[White "Tavani, Alberto"]
[Black "Jekel, Wolfgang"]
[Result "1/2-1/2"]
[WhiteElo "2279"]
[BlackElo "1958"]
[PlyCount "74"]
[EventDate "2010.01.15"]
[EventType "tourn (corr)"]
[EventRounds "6"]
[EventCountry "GER"]
[SourceTitle "Telechess CBM 141"]
[Source "ChessBase"]
[SourceDate "2011.03.17"]
[SourceVersion "1"]
[SourceVersionDate "2011.03.17"]
[SourceQuality "1"]

1. d4 Nf6 2. c4 c5 3. d5 e5 4. Nc3 d6 5. e4 Nbd7 6. h3 Be7 7. Nge2 0-0 8. Ng3 Ne8 9. Bd3 Bg5 10. 0-0 Bxc1 11. Qxc1 g6 12. Re1 Ng7 13. a3 Qe7 14. Rb1 Nf6 15. b4 b6 16. Be2 Ba6 17. Nf1 Ngh5 18. g3 Bc8 19. h4 Qc7 20. Nb5 Qe7 21. bxc5 bxc5 22. Nc3 Qc7 23. Ne3 Rb8 24. Rxb8 Qxb8 25. Qc2 Bd7 26. Rb1 Qc7 27. Qb3 Ng7 28. Qb2 Rd8 29. Kg2 Nge8 30. Ned1 h6 31. f3 Bc8 32. Nf2 Kh7 33. Qb5 Qe7 34. Bd3 Nh5 35. Ne2 Nc7 36. Qc6 Kh8 37. Kh2 Kg7 1/2-1/2

[Event "LSS CP-2009-P-00031"]
[Site "LSS email"]
[Date "2009.09.27"]
[Round "?"]
[White "Luers, Charles J"]
[Black "Jekel, Wolfgang"]
[Result "0-1"]
[WhiteElo "1911"]
[BlackElo "2146"]
[PlyCount "138"]
[EventDate "2009.10.01"]
[EventType "tourn (corr)"]
[EventRounds "6"]
[EventCountry "GER"]
[SourceTitle "Corr 2013"]
[Source "ChessBase"]
[SourceDate "2012.11.12"]
[SourceVersion "1"]
[SourceVersionDate "2012.11.12"]
[SourceQuality "1"]
[WhiteTeam "US of America"]
[BlackTeam "US of America"]
[WhiteTeamCountry "USA"]
[BlackTeamCountry "USA"]

1. e4 c5 2. Nf3 d6 3. d4 cxd4 4. Nxd4 Nf6 5. Nc3 a6 6. f3 e5 7. Nb3 Be6 8. Be3 Be7 9. Qd2 0-0 10. 0-0-0 a5 11. Bb5 Na6 12. Qe2 Qb8 13. g4 Rc8 14. g5 Ne8 15. f4 Nec7 16. Bxa6 Nxa6 17. f5 Bc4 18. Qd2 b5 19. f6 Bd8 20. Qxd6 b4 21. Qxb8 Raxb8 22. Nd5 a4 23. Na1 Bxa2 24. Ne7+ Bxe7 25. fxe7 Be6 26. Rd6 Nc7 27. Rhd1 Ne8 28. Rd8 f6 29. gxf6 gxf6 30. Ba7 Ra8 31. Bc5 b3 32. R1d2 Kf7 33. R2d3 Bg4 34. Ba3 Be2 35. Rxc8 Rxc8 36. Rh3 bxc2 37. Rxh7+ Ng7 38. b3 axb3 39. Nxb3 Bh5 40. Rh6 Rc3 41. Kb2 Rh3 42. Nc1 Ne8 43. Rh8 Kg7 44. Rf8 Re3 45. Nb3 Bf7 46. Nc1 Bg6 47. h3 Bf7 48. h4 Rxe4 49. Kxc2 Rxh4 50. Kd2 Rh2+ 51. Kc3 Rh3+ 52. Kb2 e4 53. Bb4 Rh2+ 54. Kc3 f5 55. Bc5 f4 56. Bd4+ Kg6 57. Rh8 Rxh8 58. Bxh8 Nc7 59. Be5 f3 60. Bg3 e3 61. Kd3 Nd5 62. Nb3 Kf5 63. Nc5 Bg6 64. Ne4 Ke6 65. Kd4 Kxe7 66. Bh4+ Kf8 67. Nf2 exf2 68. Bxf2 Nf6 69. Ke3 Bh5 0-1

[Event "IECG CP.2008.P.00001 email"]
[Site "IECG email"]
[Date "2008.10.01"]
[Round "?"]
[White "Cuniali, Eugenio"]
[Black "Jekel, Wolfgang"]
[Result "1/2-1/2"]
[WhiteElo "1963"]
[BlackElo "1858"]
[PlyCount "61"]
[EventDate "2008.10.01"]
[EventType "tourn (corr)"]
[EventRounds "6"]
[EventCountry "USA"]
[SourceTitle "Corr 2024"]
[Source "ChessBase"]
[SourceDate "2023.10.19"]
[SourceVersion "1"]
[SourceVersionDate "2023.10.19"]
[SourceQuality "1"]

1. d4 f5 2. g3 Nf6 3. Bg2 e6 4. c4 d5 5. Nh3 c6 6. 0-0 Bd6 7. Qc2 0-0 8. Nd2 h6 9. Nf3 g5 10. c5 Bc7 11. Ne5 Nbd7 12. Ng6 Re8 13. f4 Kg7 14. Ne5 gxf4 15. Nxd7 Qxd7 16. Bxf4 Ng4 17. Bxc7 Qxc7 18. Qc3 Qe7 19. e3 e5 20. Nf2 exd4 21. exd4 Qe3 22. Qxe3 Nxe3 23. Rfe1 Bd7 24. Rac1 Rad8 25. Bf3 f4 26. Bh5 Re7 27. Rc3 Kf6 28. gxf4 Rg8+ 29. Kh1 Nf5 30. Rxe7 Kxe7 31. Ra3 1/2-1/2